Dân ca, dân nhạc, dân vũ của người Tà Ôi
Khái quát về sinh hoạt âm nhạc dân gian của người Tà Ôi sống ở tỉnh Quảng Trị và Thừa Thiên Huế. Giới thiệu các làn điệu dân ca, các nhạc cụ truyền thống và các điệu múa của người Tà Ôi
Enregistré dans:
| Format: | Livre |
|---|---|
| Langue: | Undetermined |
| Publié: |
Hà Nội
Hội nhà văn
2018
|
| Sujets: | |
| Tags: |
Ajouter un tag
Pas de tags, Soyez le premier à ajouter un tag!
|
| Thư viện lưu trữ: | Trung tâm Học liệu Trường Đại học Cần Thơ |
|---|
| LEADER | 00912nam a2200193Ia 4500 | ||
|---|---|---|---|
| 001 | CTU_236132 | ||
| 008 | 210402s9999 xx 000 0 und d | ||
| 082 | |a 781.629592 | ||
| 082 | |b D121 | ||
| 245 | 0 | |a Dân ca, dân nhạc, dân vũ của người Tà Ôi | |
| 245 | 0 | |c Trần Nguyễn Khánh Phong (Sưu tầm, giới thiệu) | |
| 260 | |a Hà Nội | ||
| 260 | |b Hội nhà văn | ||
| 260 | |c 2018 | ||
| 520 | |a Khái quát về sinh hoạt âm nhạc dân gian của người Tà Ôi sống ở tỉnh Quảng Trị và Thừa Thiên Huế. Giới thiệu các làn điệu dân ca, các nhạc cụ truyền thống và các điệu múa của người Tà Ôi | ||
| 650 | |a Dân ca,Folk songs | ||
| 650 | |z Việt Nam,Việt Nam,Vietnam,Vietnam | ||
| 910 | |b nthai | ||
| 980 | |a Trung tâm Học liệu Trường Đại học Cần Thơ | ||